| 000 | 00424cam a2200181ua 4500 | ||
|---|---|---|---|
| 001 | 5532 | ||
| 008 | 060101n1991 II |||gr||||Z||||||asm | ||
| 040 | _aMAIN | ||
| 041 | _aEnglish | ||
| 082 | _a891.451 MAL | ||
| 100 | _aMALIK, SYED ABDUL. | ||
| 245 | _aAAJAN FOKIR ARU SURIA JIKIR | ||
| 250 | _a2ND. | ||
| 260 |
_aGUWAHATI _bSTUDENTS STORES _c1991 |
||
| 300 |
_a85: _c21CM. |
||
| 653 | _aASSAMESE LITERATURE | ||
| 942 | _cBK | ||
| 999 |
_c5517 _d5517 |
||